Zara Larsson - Midnight Sun - Statistics

General Stats
  • This quiz has been taken 56 times
    5 since last reset
  • The average score is 12 of 20
Answer Stats
2025 Midnight Sun % Correct
5 Crush
100%
6 Eurosummer
100%
4 Girl's Girl
100%
7 Hot & Sexy
100%
1 Midnight Sun
100%
3 Pretty Ugly
100%
9 Saturn's Return
100%
2 Blue Moon
67%
10 Puss Puss
67%
8 The Ambition
67%
12 Blue Moon - Girls Trip (feat. Kehlani)
33%
15 Crush - Girls Trip (feat. Eli)
33%
16 Eurosummer - Girls Trip (feat. Shakira)
33%
14 Girl's Girl - Girls Trip (feat. Emilia)
33%
17 Hot & Sexy - Girls Trip (feat. Tyla)
33%
11 Midnight Sun - Girls Trip (feat. PinkPantheress)
33%
13 Pretty Ugly (feat. JT + Margo XS)
33%
20 Puss Puss - Girls Trip (feat. Robyn)
33%
19 Saturn's Return - Girls Trip (feat. Malibu + Helena Gao)
33%
18 The Ambition - Girls Trip (feat. Madison Beer + BAMBII)
33%
No matching quizzes found
Score Distribution
Percent of People with Each Score
Percentile by Number Answered
Your Score History
You have not taken this quiz since the last reset